[Event "Rheinland Pfalz op 14th"]
[Site "Neuwied"]
[Date "2024.05.30"]
[Round "2"]
[White "Mies, Frederik"]
[Black "Nagel, Ralf"]
[Result "1-0"]
[WhiteElo "1477"]
[BlackElo "1756"]
[PlyCount "51"]
[EventDate "2024.05.30"]
[EventType "swiss"]
[EventRounds "7"]
[EventCountry "GER"]
[SourceTitle "EXT 2025"]
[Source "ChessBase"]
[SourceDate "2024.10.14"]
[SourceVersion "1"]
[SourceVersionDate "2024.10.14"]
[SourceQuality "1"]

1. c4 e5 2. Nc3 Nf6 3. g3 Be7 4. Bg2 0-0 5. Nf3 d6 6. 0-0 c6 7. e4 Nbd7 8. Re1 a5 9. b3 Nc5 10. d4 Ncd7 11. d5 Nc5 12. Bb2 Bd7 13. Qe2 Rb8 14. Rac1 b5 15. dxc6 Bxc6 16. cxb5 Bxe4 17. Nxe4 Ncxe4 18. Nxe5 dxe5 19. Bxe4 Nxe4 20. Qxe4 Rxb5 21. Bxe5 Re8 22. Bc7 Qd7 23. Red1 Bg5 24. Rxd7 Rxe4 25. Bf4 Bf6 26. Rc8+ 1-0